[Event "EUYCC 2025 - U08"]
[Site "?"]
[Date "2025.08.20"]
[Round "2.1"]
[White "Ighilahriz, Said"]
[Black "Szlendak, Wojciech"]
[Result "1-0"]
[BlackElo "1492"]
[WhiteElo "1756"]
[LiveChessVersion "1.4.8"]

1. e4 {[%clk 1:30:55]} c5 {[%clk 1:30:54]} 2. Nf3 {[%clk 1:31:17]} d6
{[%clk 1:30:44]} 3. d4 {[%clk 1:31:37]} cxd4 {[%clk 1:30:16]} 4. Nxd4
{[%clk 1:30:29]} Nf6 {[%clk 1:28:25]} 5. Nc3 {[%clk 1:29:03]} g6 {[%clk 1:28:23]}
6. Bc4 {[%clk 1:29:20]} Bg7 {[%clk 1:22:36]} 7. Be3 {[%clk 1:28:57]} Nc6
{[%clk 1:12:54]} 8. Bb3 {[%clk 1:27:48]} O-O {[%clk 1:04:47]} 9. f3
{[%clk 1:27:33]} Nxd4 {[%clk 1:01:12]} 10. Bxd4 {[%clk 1:27:54]} Bd7
{[%clk 0:53:13]} 11. Qd2 {[%clk 1:25:12]} a5 {[%clk 0:38:37]} 12. a4
{[%clk 1:18:03]} Qc7 {[%clk 0:29:18]} 13. O-O-O {[%clk 1:15:28]} Bc6
{[%clk 0:22:57]} 14. g4 {[%clk 1:14:43]} h6 {[%clk 0:07:43]} 15. h4
{[%clk 1:14:35]} Kh7 {[%clk 0:07:19]} 16. Rde1 {[%clk 1:14:48]} Rh8
{[%clk 0:05:42]} 17. Bxf7 {[%clk 1:14:25]} e5 {[%clk 0:05:49]} 18. Be3
{[%clk 1:14:39]} Qxf7 {[%clk 0:05:43]} 19. g5 {[%clk 1:14:43]} Ng8
{[%clk 0:04:15]} 20. Reg1 {[%clk 1:14:29]} h5 {[%clk 0:02:52]} 21. Rg3
{[%clk 1:14:26]} Qd7 {[%clk 0:01:43]} 22. Nd5 {[%clk 1:14:37]} Bxd5
{[%clk 0:01:50]} 23. Qxd5 {[%clk 1:14:51]} Ne7 {[%clk 0:01:23]} 24. Qb3
{[%clk 1:14:34]} Nc6 {[%clk 0:01:20]} 25. c3 {[%clk 1:14:17]} Nd8
{[%clk 0:01:17]} 26. Rd1 {[%clk 1:14:35]} Qe6 {[%clk 0:01:09]} 27. Qxe6
{[%clk 1:14:41]} Nxe6 {[%clk 0:01:27]} 28. Rxd6 {[%clk 1:15:06]} Nf4
{[%clk 0:01:31]} 29. Bxf4 {[%clk 1:15:26]} exf4 {[%clk 0:01:55]} 30. Rg1
{[%clk 1:15:26]} Rhd8 {[%clk 0:02:04]} 31. Rgd1 {[%clk 1:15:38]} Rxd6
{[%clk 0:02:21]} 32. Rxd6 {[%clk 1:16:06]} Re8 {[%clk 0:01:50]} 33. Rd7
{[%clk 1:16:08]} b6 {[%clk 0:01:47]} 34. Rf7 {[%clk 1:16:17]} Rf8
{[%clk 0:01:59]} 35. Rb7 {[%clk 1:16:32]} Kg8 {[%clk 0:02:15]} 36. Rxb6
{[%clk 1:16:45]} Rd8 {[%clk 0:01:52]} 37. Kc2 {[%clk 1:17:05]} Ra8
{[%clk 0:01:05]} 38. Rxg6 {[%clk 1:16:35]} Kf7 {[%clk 0:01:26]} 39. Rd6
{[%clk 1:16:41]} Ke7 {[%clk 0:01:28]} 40. Rd5 {[%clk 1:16:52]} Ke6
{[%clk 0:01:25]} 41. Rf5 {[%clk 1:16:32]} Be5 {[%clk 0:01:45]} 42. g6
{[%clk 1:16:29]} Rg8 {[%clk 0:01:52]} 43. Rg5 {[%clk 1:16:49]} Kf6
{[%clk 0:01:36]} 44. Rf5+ {[%clk 1:16:32]} Ke6 {[%clk 0:01:58]} 45. Rxh5
{[%clk 1:16:45]} Rxg6 {[%clk 0:02:20]} 46. Rg5 {[%clk 1:17:01]} Rxg5
{[%clk 0:00:46]} 47. hxg5 {[%clk 1:17:09]} Kf7 {[%clk 0:01:07]} 48. b4
{[%clk 1:17:32]} axb4 {[%clk 0:01:08]} 49. cxb4 {[%clk 1:17:44]} Kg6
{[%clk 0:01:30]} 50. a5 {[%clk 1:18:03]} Kxg5 {[%clk 0:01:50]} 51. b5
{[%clk 1:18:24]} Kh4 {[%clk 0:02:13]} 52. Kd3 {[%clk 1:18:42]} Kg3
{[%clk 0:01:51]} 53. Ke2 {[%clk 1:19:05]} Bc3 {[%clk 0:01:29]} 54. a6
{[%clk 1:19:17]} Bd4 {[%clk 0:01:54]} 55. e5 {[%clk 1:19:41]} Kh4
{[%clk 0:01:04]} 56. e6 {[%clk 1:20:02]} Kg5 {[%clk 0:01:14]} 57. e7
{[%clk 1:20:22]} Kf6 {[%clk 0:01:18]} 58. e8=Q {[%clk 1:20:29]} Kg5
{[%clk 0:01:39]} 59. Qg8+ {[%clk 1:20:45]} Kh4 {[%clk 0:02:08]} 60. Qd8+
{[%clk 1:21:03]} Kg3 {[%clk 0:02:30]} 61. Qxd4 {[%clk 1:21:11]} Kg2
{[%clk 0:02:48]} 62. Qxf4 {[%clk 1:21:27]} Kh1 {[%clk 0:02:59]} 63. Qg4
{[%clk 1:21:48]} Kh2 {[%clk 0:03:21]} 64. Kf2 {[%clk 1:22:07]} Kh1
{[%clk 0:03:43]} 65. Qh3# 1-0

[Event "EUYCC 2025 - U08"]
[Site "?"]
[Date "2025.08.20"]
[Round "2.2"]
[White "Valik, Viktor"]
[Black "Jevglevski, Lev"]
[Result "0-1"]
[BlackElo "1726"]
[WhiteElo "1518"]
[LiveChessVersion "1.4.8"]

1. e4 {[%clk 1:30:54]} e5 {[%clk 1:30:52]} 2. Nf3 {[%clk 1:31:15]} Nf6
{[%clk 1:31:15]} 3. Nc3 {[%clk 1:31:26]} Nc6 {[%clk 1:31:34]} 4. d4
{[%clk 1:31:43]} exd4 {[%clk 1:31:55]} 5. Nxd4 {[%clk 1:31:56]} Bb4
{[%clk 1:32:17]} 6. Nxc6 {[%clk 1:31:54]} bxc6 {[%clk 1:32:38]} 7. Bd3
{[%clk 1:32:10]} d5 {[%clk 1:32:55]} 8. exd5 {[%clk 1:32:30]} O-O
{[%clk 1:33:08]} 9. O-O {[%clk 1:32:51]} cxd5 {[%clk 1:33:33]} 10. h3
{[%clk 1:32:38]} h6 {[%clk 1:33:34]} 11. Qf3 {[%clk 1:32:36]} c6 {[%clk 1:33:34]}
12. Ne2 {[%clk 1:32:05]} c5 {[%clk 1:28:02]} 13. Ng3 {[%clk 1:30:17]} Be6
{[%clk 1:22:46]} 14. c3 {[%clk 1:29:40]} Ba5 {[%clk 1:23:11]} 15. Bf4
{[%clk 1:29:08]} Bc7 {[%clk 1:22:25]} 16. Bxc7 {[%clk 1:26:54]} Qxc7
{[%clk 1:22:36]} 17. Bf5 {[%clk 1:27:04]} Rfe8 {[%clk 1:22:08]} 18. Rfe1
{[%clk 1:27:12]} Rab8 19. b3 {[%clk 1:26:36]} a5 {[%clk 1:10:36]} 20. Bc2
{[%clk 1:24:36]} Rbd8 {[%clk 1:08:45]} 21. Rad1 {[%clk 1:24:32]} Nh7
{[%clk 1:04:58]} 22. Nf5 {[%clk 1:22:09]} Bxf5 {[%clk 1:02:28]} 23. Qxf5
{[%clk 1:21:08]} g6 {[%clk 1:02:37]} 24. Qf3 {[%clk 1:20:00]} Rxe1+
{[%clk 1:01:28]} 25. Rxe1 {[%clk 1:19:47]} Kg7 {[%clk 1:01:45]} 26. Qg3
{[%clk 1:18:46]} Qxg3 {[%clk 1:01:55]} 27. fxg3 {[%clk 1:19:04]} Kf6
{[%clk 1:01:03]} 28. Kf2 {[%clk 1:18:59]} Ng5 {[%clk 1:00:11]} 29. h4
{[%clk 1:15:05]} Ne6 {[%clk 1:00:30]} 30. Bd3 {[%clk 1:08:34]} d4
{[%clk 0:58:25]} 31. c4 {[%clk 1:08:16]} Nf8 {[%clk 0:58:03]} 32. Kf3
{[%clk 0:59:40]} Nd7 {[%clk 0:57:39]} 33. g4 {[%clk 0:58:25]} Ne5+
{[%clk 0:57:59]} 34. Ke4 {[%clk 0:54:43]} Re8 {[%clk 0:57:15]} 35. Rf1+
{[%clk 0:53:51]} Kg7 36. Re1 Kf6 37. Kd5 Kg7 38. Rf1 0-1

[Event "EUYCC 2025 - U08"]
[Site "?"]
[Date "2025.08.20"]
[Round "2.3"]
[White "Brentegani, Romeo"]
[Black "Karcz, Bartlomiej"]
[Result "1-0"]
[BlackElo "1443"]
[WhiteElo "1598"]
[LiveChessVersion "1.4.8"]

1. e4 {[%clk 1:30:54]} e5 {[%clk 1:30:46]} 2. Nf3 {[%clk 1:31:03]} Nc6
{[%clk 1:31:05]} 3. Bc4 {[%clk 1:31:05]} Bc5 {[%clk 1:31:12]} 4. c3
{[%clk 1:30:59]} Nf6 {[%clk 1:31:26]} 5. d4 {[%clk 1:30:52]} exd4
{[%clk 1:31:50]} 6. cxd4 {[%clk 1:30:50]} Bb4+ {[%clk 1:31:26]} 7. Bd2
{[%clk 1:31:04]} Bxd2+ {[%clk 1:31:48]} 8. Nbxd2 {[%clk 1:31:04]} d5
{[%clk 1:32:02]} 9. exd5 {[%clk 1:30:30]} Nxd5 {[%clk 1:32:19]} 10. O-O
{[%clk 1:29:03]} O-O {[%clk 1:28:06]} 11. Re1 {[%clk 1:26:08]} Bg4
{[%clk 1:27:56]} 12. h3 {[%clk 1:24:41]} Bh5 {[%clk 1:28:15]} 13. Rc1
{[%clk 1:21:25]} Nxd4 {[%clk 1:25:57]} 14. g4 {[%clk 1:20:18]} Nxf3+
{[%clk 1:26:15]} 15. Nxf3 {[%clk 1:20:33]} Nf4 {[%clk 1:26:03]} 16. gxh5
{[%clk 1:20:36]} Nxh3+ {[%clk 1:26:07]} 17. Kf1 {[%clk 1:19:21]} Qxd1
{[%clk 1:26:16]} 18. Rexd1 {[%clk 1:19:38]} Nf4 {[%clk 1:26:05]} 19. Rd7
{[%clk 1:19:31]} Rac8 {[%clk 1:25:26]} 20. Ng5 {[%clk 1:17:42]} Nxh5
{[%clk 1:21:37]} 21. Bxf7+ {[%clk 1:15:43]} Kh8 {[%clk 1:21:31]} 22. Bxh5
{[%clk 1:15:53]} h6 {[%clk 1:21:39]} 23. Ne6 {[%clk 1:16:03]} Rf5
{[%clk 1:21:33]} 24. Bg4 {[%clk 1:14:03]} Rb5 {[%clk 1:21:00]} 25. Rcxc7
{[%clk 1:12:39]} Rxc7 {[%clk 1:21:02]} 26. Rxc7 {[%clk 1:12:51]} Rxb2
{[%clk 1:21:13]} 27. Rc8+ {[%clk 1:13:11]} Kh7 {[%clk 1:21:33]} 28. Nf8+
{[%clk 1:13:35]} Kg8 {[%clk 1:21:54]} 29. Be6+ {[%clk 1:13:53]} Kh8
{[%clk 1:22:17]} 30. Ng6+ {[%clk 1:14:11]} Kh7 {[%clk 1:22:39]} 31. Bf5
{[%clk 1:14:33]} h5 {[%clk 1:22:20]} 32. Rh8# {[%clk 1:14:48]} 1-0

[Event "EUYCC 2025 - U08"]
[Site "?"]
[Date "2025.08.20"]
[Round "2.4"]
[White "Pastor Zuccolo, Matteo"]
[Black "Katsarski, Yan"]
[Result "1-0"]
[BlackElo "1580"]
[WhiteElo "1507"]
[LiveChessVersion "1.4.8"]

1. e4 {[%clk 1:30:58]} c6 {[%clk 1:28:58]} 2. d4 {[%clk 1:31:17]} d5
{[%clk 1:27:26]} 3. exd5 {[%clk 1:31:15]} cxd5 {[%clk 1:25:57]} 4. Bd3
{[%clk 1:31:33]} Nf6 {[%clk 1:24:30]} 5. h3 {[%clk 1:31:48]} Nc6 {[%clk 1:22:56]}
6. c3 {[%clk 1:32:00]} g6 {[%clk 1:21:29]} 7. Nf3 {[%clk 1:32:19]} Bf5
{[%clk 1:20:31]} 8. Ne5 {[%clk 1:32:43]} Bxd3 {[%clk 1:16:10]} 9. Nxd3
{[%clk 1:32:54]} e6 {[%clk 1:11:55]} 10. Bg5 {[%clk 1:22:40]} Bg7
{[%clk 1:09:12]} 11. Nd2 {[%clk 1:07:55]} Rc8 {[%clk 1:00:09]} 12. Qb3
{[%clk 1:01:25]} Qd7 {[%clk 0:55:19]} 13. Nc5 {[%clk 0:52:23]} Qc7
{[%clk 0:53:16]} 14. Qxb7 {[%clk 0:51:14]} Qxb7 {[%clk 0:52:22]} 15. Nxb7
{[%clk 0:51:23]} O-O {[%clk 0:51:30]} 16. Nc5 {[%clk 0:45:09]} Rfe8
{[%clk 0:46:45]} 17. f4 {[%clk 0:42:22]} h6 {[%clk 0:43:40]} 18. Bxf6
{[%clk 0:38:12]} Bxf6 {[%clk 0:42:14]} 19. Nd7 {[%clk 0:38:19]} Bg7
{[%clk 0:41:09]} 20. Ne5 {[%clk 0:38:29]} Nxe5 {[%clk 0:38:58]} 21. fxe5
{[%clk 0:38:35]} f6 {[%clk 0:37:04]} 22. exf6 {[%clk 0:38:40]} Bxf6
{[%clk 0:37:14]} 23. O-O {[%clk 0:37:43]} Bg7 {[%clk 0:36:55]} 24. Rae1
{[%clk 0:36:09]} e5 {[%clk 0:36:49]} 25. dxe5 {[%clk 0:35:07]} Bxe5
{[%clk 0:34:19]} 26. Nf3 {[%clk 0:32:59]} Bg7 {[%clk 0:33:07]} 27. Rd1
{[%clk 0:27:41]} Re2 {[%clk 0:31:33]} 28. Rf2 {[%clk 0:26:52]} Rxf2
{[%clk 0:29:50]} 29. Kxf2 {[%clk 0:27:13]} Rd8 {[%clk 0:28:50]} 30. Ke3
{[%clk 0:22:47]} Kf7 {[%clk 0:26:46]} 31. c4 {[%clk 0:20:52]} Bxb2
{[%clk 0:25:18]} 32. Rxd5 {[%clk 0:20:27]} Rxd5 {[%clk 0:24:40]} 33. cxd5
{[%clk 0:20:40]} Ke7 {[%clk 0:21:53]} 34. Ke4 {[%clk 0:19:59]} Kf6
{[%clk 0:19:01]} 35. Nd4 {[%clk 0:16:08]} Bxd4 {[%clk 0:16:26]} 36. Kxd4
{[%clk 0:16:32]} Kf7 {[%clk 0:14:50]} 37. d6 {[%clk 0:16:27]} Ke6
{[%clk 0:14:38]} 38. Kc5 {[%clk 0:16:51]} Kd7 {[%clk 0:14:17]} 39. Kd5
{[%clk 0:17:16]} a6 {[%clk 0:12:43]} 40. g3 {[%clk 0:17:31]} a5 {[%clk 0:12:30]}
41. a4 {[%clk 0:17:54]} h5 {[%clk 0:12:30]} 42. h4 {[%clk 0:18:20]} Kd8
{[%clk 0:12:36]} 43. Ke6 {[%clk 0:18:24]} Ke8 {[%clk 0:12:58]} 44. d7+
{[%clk 0:18:31]} Kd8 {[%clk 0:13:21]} 45. Kd6 {[%clk 0:18:45]} g5
{[%clk 0:13:41]} 46. hxg5 {[%clk 0:18:53]} h4 {[%clk 0:13:57]} 47. g6
{[%clk 0:19:18]} hxg3 {[%clk 0:13:25]} 48. g7 {[%clk 0:19:42]} g2
{[%clk 0:13:46]} 49. g8=R# {[%clk 0:20:04]} 1-0

[Event "EUYCC 2025 - U08"]
[Site "?"]
[Date "2025.08.20"]
[Round "2.7"]
[White "Sava, Daniel"]
[Black "Matala, Sophia-Lenina"]
[Result "1-0"]
[BlackElo "1459"]
[WhiteElo "1450"]
[LiveChessVersion "1.4.8"]

1. d4 {[%clk 1:30:58]} d5 {[%clk 1:30:42]} 2. Nf3 {[%clk 1:31:21]} Nf6
{[%clk 1:31:00]} 3. c4 {[%clk 1:31:36]} dxc4 {[%clk 1:29:46]} 4. g3 Nc6
{[%clk 1:24:03]} 5. Bg2 {[%clk 1:31:03]} Bf5 {[%clk 1:21:51]} 6. Qa4
{[%clk 1:31:00]} e6 {[%clk 1:19:53]} 7. a3 {[%clk 1:28:49]} Nd7 {[%clk 1:06:07]}
8. Nh4 {[%clk 1:22:13]} Nxd4 {[%clk 0:53:13]} 9. Nxf5 {[%clk 1:19:58]} Nxf5
{[%clk 0:45:49]} 10. Qxc4 {[%clk 1:09:28]} Nb6 {[%clk 0:41:46]} 11. Qa2
{[%clk 1:00:44]} c6 {[%clk 0:39:55]} 12. O-O {[%clk 1:00:09]} Nd4
{[%clk 0:38:15]} 13. Nc3 {[%clk 0:59:36]} Qf6 {[%clk 0:27:12]} 14. Be3
{[%clk 0:56:20]} O-O-O {[%clk 0:12:25]} 15. Rad1 {[%clk 0:53:06]} e5
{[%clk 0:09:00]} 16. h4 {[%clk 0:47:19]} Be7 {[%clk 0:06:13]} 17. Bg5
{[%clk 0:46:47]} Qd6 {[%clk 0:05:00]} 18. e3 {[%clk 0:43:40]} Bxg5
{[%clk 0:04:16]} 19. hxg5 {[%clk 0:43:55]} Qg6 {[%clk 0:03:22]} 20. exd4
{[%clk 0:43:32]} exd4 {[%clk 0:03:13]} 21. Ne2 {[%clk 0:42:09]} h6
{[%clk 0:03:02]} 22. Nf4 {[%clk 0:40:38]} Qxg5 {[%clk 0:02:43]} 23. Qxf7
{[%clk 0:39:50]} Rd7 {[%clk 0:02:22]} 24. Bh3 {[%clk 0:39:33]} Qf6
{[%clk 0:01:17]} 25. Bxd7+ {[%clk 0:39:38]} Nxd7 {[%clk 0:01:38]} 26. Qxf6
{[%clk 0:39:50]} Nxf6 {[%clk 0:01:53]} 27. Rxd4 {[%clk 0:40:06]} h5
{[%clk 0:01:35]} 28. Ne6 {[%clk 0:40:00]} Rg8 {[%clk 0:01:22]} 29. Rfd1
{[%clk 0:40:13]} Nd5 {[%clk 0:01:17]} 30. Nf4 {[%clk 0:39:19]} Nxf4
{[%clk 0:01:27]} 31. Rxf4 {[%clk 0:39:35]} Kb8 {[%clk 0:01:39]} 32. Rf7
{[%clk 0:39:32]} a6 {[%clk 0:01:27]} 33. Rdd7 {[%clk 0:39:37]} Ka8
{[%clk 0:01:35]} 34. Rxb7 {[%clk 0:39:38]} g5 {[%clk 0:01:38]} 35. Ra7+
{[%clk 0:40:00]} Kb8 {[%clk 0:02:04]} 36. Rfb7+ {[%clk 0:40:23]} Kc8
{[%clk 0:02:18]} 37. Ra8+ {[%clk 0:40:45]} Kxb7 {[%clk 0:02:31]} 38. Rxg8
{[%clk 0:41:10]} g4 {[%clk 0:02:40]} 39. Rg5 {[%clk 0:41:32]} Kc7
{[%clk 0:02:55]} 40. Rxh5 Kd7 {[%clk 0:03:07]} 41. Rh4 {[%clk 0:42:20]} Ke6
{[%clk 0:03:27]} 42. Rxg4 {[%clk 0:42:41]} Kd7 {[%clk 0:03:41]} 43. Ra4
{[%clk 0:43:04]} Ke6 {[%clk 0:03:56]} 44. Rxa6 {[%clk 0:43:27]} Kd5
{[%clk 0:04:10]} 45. g4 {[%clk 0:43:49]} Ke5 {[%clk 0:04:31]} 46. Rxc6
{[%clk 0:44:16]} Kf4 {[%clk 0:04:50]} 47. b4 {[%clk 0:44:39]} Kxg4
{[%clk 0:05:12]} 48. b5 {[%clk 0:45:05]} Kf5 {[%clk 0:05:24]} 49. b6
{[%clk 0:45:31]} Ke5 {[%clk 0:05:43]} 50. b7 {[%clk 0:45:54]} Kd5
{[%clk 0:06:04]} 51. Rc8 {[%clk 0:46:21]} Kd6 {[%clk 0:06:21]} 52. b8=Q+
{[%clk 0:46:36]} Ke6 {[%clk 0:06:36]} 53. Re8+ {[%clk 0:46:58]} Kd5
{[%clk 0:06:54]} 54. Qd8+ {[%clk 0:47:15]} Kc5 {[%clk 0:07:13]} 55. Re7
{[%clk 0:47:34]} Kc4 {[%clk 0:07:40]} 56. a4 {[%clk 0:47:55]} Kc5
{[%clk 0:07:53]} 57. Rc7+ {[%clk 0:48:19]} Kb4 {[%clk 0:08:17]} 58. Qb8+
{[%clk 0:48:40]} Ka3 {[%clk 0:08:35]} 59. Qb1 {[%clk 0:48:38]} Kxa4
{[%clk 0:08:44]} 60. Ra7# {[%clk 0:49:04]} 1-0

[Event "EUYCC 2025 - U08"]
[Site "?"]
[Date "2025.08.21"]
[Round "3.1"]
[White "Talaba, David-Christian"]
[Black "Ighilahriz, Said"]
[Result "1-0"]
[BlackElo "1756"]
[WhiteElo "1577"]
[LiveChessVersion "1.4.8"]

1. d4 {[%clk 1:30:46]} Nf6 {[%clk 1:30:50]} 2. Nf3 {[%clk 1:31:00]} g6
{[%clk 1:31:08]} 3. g3 {[%clk 1:30:48]} Bg7 {[%clk 1:30:08]} 4. Bg2
{[%clk 1:30:55]} O-O {[%clk 1:30:29]} 5. O-O {[%clk 1:31:21]} d6 {[%clk 1:30:55]}
6. c4 {[%clk 1:28:56]} c6 {[%clk 1:30:06]} 7. Nc3 {[%clk 1:27:02]} Nbd7
{[%clk 1:28:12]} 8. b3 {[%clk 1:23:28]} Qc7 {[%clk 1:25:58]} 9. Bb2
{[%clk 1:20:31]} e5 {[%clk 1:23:15]} 10. dxe5 {[%clk 1:20:02]} dxe5
{[%clk 1:21:12]} 11. Qc2 {[%clk 1:13:03]} Re8 {[%clk 1:16:16]} 12. Nd2
{[%clk 1:07:42]} a5 {[%clk 1:14:48]} 13. Nde4 {[%clk 1:05:47]} Nxe4
{[%clk 1:14:01]} 14. Nxe4 {[%clk 1:06:03]} Nb6 {[%clk 1:10:49]} 15. c5
{[%clk 1:00:43]} Nd5 {[%clk 1:10:08]} 16. Nd6 {[%clk 1:00:38]} Rd8
{[%clk 1:06:26]} 17. a3 {[%clk 0:55:03]} b6 {[%clk 1:06:36]} 18. e4
{[%clk 0:54:09]} Ne7 {[%clk 1:06:06]} 19. Nxc8 {[%clk 0:53:06]} Raxc8
{[%clk 1:05:02]} 20. cxb6 {[%clk 0:51:17]} Qxb6 {[%clk 1:02:58]} 21. Bc3
{[%clk 0:51:08]} Rb8 {[%clk 1:01:49]} 22. b4 {[%clk 0:51:22]} axb4
{[%clk 1:00:15]} 23. Bxb4 {[%clk 0:51:41]} Nc8 {[%clk 0:59:02]} 24. Qc3
{[%clk 0:49:11]} Qa6 {[%clk 0:57:32]} 25. Rfd1 {[%clk 0:46:08]} Na7
{[%clk 0:55:23]} 26. Qc2 {[%clk 0:39:48]} Nb5 {[%clk 0:52:46]} 27. Bf1
{[%clk 0:40:07]} Qb7 {[%clk 0:51:58]} 28. Rxd8+ {[%clk 0:36:35]} Rxd8
{[%clk 0:52:05]} 29. Bxb5 {[%clk 0:36:54]} Qxb5 {[%clk 0:51:25]} 30. Rc1
{[%clk 0:36:51]} h5 {[%clk 0:50:30]} 31. Qc5 Qxc5 {[%clk 0:47:27]} 32. Rxc5
{[%clk 0:36:02]} Rd4 {[%clk 0:47:48]} 33. Rxc6 {[%clk 0:34:59]} Rxe4
{[%clk 0:46:57]} 34. Rb6 {[%clk 0:33:00]} Rc4 {[%clk 0:44:25]} 35. a4
{[%clk 0:33:18]} Rc1+ {[%clk 0:44:36]} 36. Kg2 {[%clk 0:33:40]} Ra1
{[%clk 0:43:44]} 37. a5 {[%clk 0:33:54]} e4 {[%clk 0:42:29]} 38. Rc6
{[%clk 0:29:36]} Ra4 {[%clk 0:41:53]} 39. a6 {[%clk 0:24:38]} Kh7
{[%clk 0:39:56]} 40. Bc5 {[%clk 0:24:46]} Bd4 {[%clk 0:39:30]} 41. Bxd4
{[%clk 0:21:58]} Rxd4 {[%clk 0:39:21]} 42. Rc7 {[%clk 0:21:38]} Kg7
{[%clk 0:38:03]} 43. a7 {[%clk 0:20:37]} Ra4 {[%clk 0:37:25]} 44. g4
{[%clk 0:20:54]} hxg4 {[%clk 0:36:13]} 45. Kg3 {[%clk 0:21:14]} Ra5
{[%clk 0:35:05]} 46. Kxg4 {[%clk 0:21:26]} Ra4 {[%clk 0:35:23]} 47. Kf4
{[%clk 0:21:16]} e3+ {[%clk 0:35:32]} 48. Kxe3 {[%clk 0:21:39]} Ra3+
{[%clk 0:35:59]} 49. Kd4 Ra1 {[%clk 0:36:05]} 50. Kc5 {[%clk 0:22:07]} Rc1+
{[%clk 0:36:22]} 51. Kb6 {[%clk 0:22:04]} Rb1+ {[%clk 0:36:39]} 52. Kc6
{[%clk 0:22:29]} Rc1+ {[%clk 0:36:42]} 53. Kb7 {[%clk 0:22:51]} Rb1+
{[%clk 0:37:01]} 54. Kc8 {[%clk 0:23:13]} Ra1 {[%clk 0:36:34]} 55. Kb8
{[%clk 0:23:38]} Rb1+ {[%clk 0:34:39]} 56. Rb7 {[%clk 0:23:27]} Rd1
{[%clk 0:34:53]} 57. a8=Q {[%clk 0:23:47]} Rd8+ {[%clk 0:35:09]} 58. Ka7
{[%clk 0:24:07]} 1-0

[Event "EUYCC 2025 - U08"]
[Site "?"]
[Date "2025.08.21"]
[Round "3.2"]
[White "Jevglevski, Lev"]
[Black "Sava, Daniel"]
[Result "1-0"]
[BlackElo "1450"]
[WhiteElo "1726"]
[LiveChessVersion "1.4.8"]

1. e4 {[%clk 1:30:58]} d6 {[%clk 1:30:47]} 2. d4 {[%clk 1:31:18]} Nf6
{[%clk 1:31:04]} 3. Nc3 {[%clk 1:31:40]} Nbd7 {[%clk 1:31:11]} 4. Bc4
{[%clk 1:31:46]} e5 {[%clk 1:31:26]} 5. Nf3 {[%clk 1:32:01]} Be7 {[%clk 1:31:39]}
6. dxe5 {[%clk 1:31:52]} dxe5 {[%clk 1:31:40]} 7. Bg5 {[%clk 1:31:28]} O-O
{[%clk 1:31:51]} 8. O-O {[%clk 1:31:15]} c6 {[%clk 1:32:11]} 9. Qd2
{[%clk 1:29:42]} b5 {[%clk 1:32:18]} 10. Bd3 {[%clk 1:29:13]} a5 {[%clk 1:31:26]}
11. Rad1 {[%clk 1:28:52]} Qc7 {[%clk 1:29:44]} 12. Ne2 {[%clk 1:28:02]} Rd8
{[%clk 1:29:12]} 13. Qe1 {[%clk 1:27:10]} Bb7 {[%clk 1:28:19]} 14. Ng3
{[%clk 1:27:10]} Nc5 {[%clk 1:27:44]} 15. Nf5 {[%clk 1:27:15]} Bc8
{[%clk 1:26:50]} 16. Nxe7+ {[%clk 1:25:04]} Qxe7 {[%clk 1:25:50]} 17. Qc3
{[%clk 1:24:19]} Nxd3 {[%clk 1:25:04]} 18. cxd3 {[%clk 1:21:19]} Bg4
{[%clk 1:17:04]} 19. Qxc6 {[%clk 1:20:29]} Rab8 {[%clk 1:14:39]} 20. Bxf6
{[%clk 1:18:54]} Qxf6 {[%clk 1:14:29]} 21. Qxf6 {[%clk 1:19:14]} gxf6
{[%clk 1:14:46]} 22. h3 {[%clk 1:18:16]} Be6 {[%clk 1:14:00]} 23. a3
{[%clk 1:17:04]} Rd7 {[%clk 1:13:51]} 24. d4 {[%clk 1:15:50]} Rbd8
{[%clk 1:13:57]} 25. d5 {[%clk 1:16:04]} Rd6 {[%clk 1:13:29]} 26. Rc1 Bd7
{[%clk 1:11:21]} 27. Nd2 {[%clk 1:15:05]} f5 {[%clk 1:10:31]} 28. f3
{[%clk 1:15:21]} fxe4 {[%clk 1:10:11]} 29. fxe4 {[%clk 1:14:53]} f5
{[%clk 1:09:34]} 30. Rc7 {[%clk 1:14:44]} Kh8 {[%clk 1:07:49]} 31. exf5
{[%clk 1:14:32]} Rxd5 {[%clk 1:07:47]} 32. Ne4 {[%clk 1:14:48]} Rf8
{[%clk 1:06:25]} 33. f6 {[%clk 1:14:43]} Rd4 {[%clk 1:04:36]} 34. Nc5
{[%clk 1:14:07]} Bc8 {[%clk 1:01:03]} 35. Rxc8 {[%clk 1:11:55]} Rxc8
{[%clk 1:01:14]} 36. f7 {[%clk 1:12:18]} Rdd8 {[%clk 1:00:27]} 37. Ne6
{[%clk 1:12:32]} Rf8 {[%clk 1:00:17]} 38. Nxf8 {[%clk 1:12:46]} Rxf8
{[%clk 1:00:34]} 39. Rf5 {[%clk 1:13:11]} Kg7 {[%clk 1:00:46]} 40. Rxe5
{[%clk 1:13:30]} b4 {[%clk 1:00:58]} 41. Rxa5 {[%clk 1:13:37]} bxa3
{[%clk 1:00:53]} 42. Rxa3 {[%clk 1:13:52]} Rxf7 {[%clk 1:01:16]} 43. Rf3
{[%clk 1:14:07]} Rb7 {[%clk 1:01:36]} 44. b3 {[%clk 1:14:29]} Kg6
{[%clk 1:01:19]} 45. Kf2 {[%clk 1:12:23]} Kg5 {[%clk 0:59:09]} 46. Ke2
{[%clk 1:12:32]} h5 {[%clk 0:59:26]} 47. Kd2 {[%clk 1:12:45]} Kg6
{[%clk 0:59:32]} 48. Kc3 {[%clk 1:13:05]} Kg7 {[%clk 0:59:54]} 49. b4
{[%clk 1:13:22]} Kg6 {[%clk 1:00:07]} 50. Kc4 {[%clk 1:13:22]} Rc7+
{[%clk 1:00:30]} 51. Kb5 {[%clk 1:13:37]} Rb7+ {[%clk 1:00:44]} 52. Kc5
{[%clk 1:13:54]} Rc7+ {[%clk 1:01:01]} 53. Kb6 {[%clk 1:14:18]} Rc2
{[%clk 1:01:25]} 54. g3 {[%clk 1:14:31]} Rb2 {[%clk 1:01:42]} 55. b5
{[%clk 1:14:51]} Rb1 {[%clk 1:02:06]} 56. Ka6 {[%clk 1:15:11]} Ra1+
{[%clk 1:02:16]} 57. Kb7 {[%clk 1:15:34]} Rh1 {[%clk 1:02:35]} 58. h4
{[%clk 1:15:45]} Rb1 {[%clk 1:02:51]} 59. b6 {[%clk 1:16:10]} Rb2
{[%clk 1:03:13]} 60. Ka7 {[%clk 1:16:33]} Ra2+ {[%clk 1:03:32]} 61. Kb8
{[%clk 1:16:53]} Rb2 {[%clk 1:03:44]} 62. b7 {[%clk 1:17:16]} Rb1
{[%clk 1:04:08]} 63. Rc3 {[%clk 1:17:33]} Rf1 {[%clk 1:03:27]} 64. Ra3
{[%clk 1:17:50]} Rf7 {[%clk 1:03:02]} 65. Ka8 {[%clk 1:18:11]} Rf8+
{[%clk 1:02:56]} 66. b8=Q {[%clk 1:18:32]} Rxb8+ {[%clk 1:03:14]} 67. Kxb8
{[%clk 1:18:49]} Kf5 {[%clk 1:03:42]} 68. Ra5+ {[%clk 1:18:58]} Kg4
{[%clk 1:04:07]} 69. Rg5+ {[%clk 1:19:12]} 1-0